Komparácia oceňovania pohľadávok z pohľadu účtovníctva a z pohľadu znaleckej činnosti diplomová práca

Salvato in:
Dettagli Bibliografici
Autore principale: Korbašová, Katarína
Ente Autore: Fakulta hospodárskej informatiky EU. Katedra účtovníctva a audítorstva
Altri autori: Krišková, Petra, 1981-
Natura: Libro
Lingua:slovacco
Pubblicazione: Bratislava 2019
Tags: Aggiungi Tag
Nessun Tag, puoi essere il primo ad aggiungerne!!

MARC

LEADER 00000nbm a2200000 4500
001 0254134
005 20200113075212.9
041 0 |a slo 
044 |a SK 
245 1 0 |a Komparácia oceňovania pohľadávok z pohľadu účtovníctva a z pohľadu znaleckej činnosti  |b diplomová práca  |c Katarína Korbašová ; školiteľ: Petra Krišková 
264 1 |a Bratislava  |c 2019 
300 |a 71 s. 
100 1 |a Korbašová, Katarína 
700 1 |a Krišková, Petra, 1981- 
710 2 |a Fakulta hospodárskej informatiky EU. Katedra účtovníctva a audítorstva